Responses for Show #4005 - Friday, January 18, 2002

(Sarah: Hi, I'm Sarah. Today on Jeopardy! the Clue Crew is going to a yard sale. Come on along.)

Contestants

[<< previous game]

James Dew, an animal trainer from Valencia, California

Danielle Yermish, an elementary school teacher from Los Angeles, California

Steve Mandella, an assistant security manager originally from North Huntington, Pennsylvania (whose 1-day cash winnings total $17,200)

[next game >>]

Jeopardy! Round responses

THE BRADY BUNCH
U.S. STATES
LITERARY CROSSWORDS CLUES "T"
WEIGHTS & MEASURES
POLITICAL ETYMOLOGY
YARD SALE
    $200 1
(Robert) Reed

Steve
    $200 11
(James: What's Boston?)

Massachusetts

SteveJames
    $200 6
Tinker Bell

Danielle
    $200 16
senate

Danielle
    $200 21
Buddha

James
    $400 2
Davy Jones

Steve
    $400 12
Montana

Steve
    $400 7
tarts

Danielle
    $400 29
yard

Steve
    $400 17
(Steve: What is parliament?)
...
(Alex: From Capitoline.)

capitol

SteveJames
    $400 22
(Steve: Who is [*]? I'm embarrassed.)

Menudo

Steve
    $600 3
[ERRATUM: Jan's quote is, "Well, all I hear all day long at school is how great Marcia is at this or how wonderful Marcia did that! Marcia, Marcia, Marcia!"]

Jan

Danielle
    $600 13
(Steve: What is Alaska?)

Colorado

SteveJames
    $600 8
Thin

James
    $600 26
degrees

Danielle
    $600 18
First Lady

Triple Stumper
    $600 23
(Alex: Yes, less than a minute now.)

the Declaration of Independence

Steve
    $800 4
applesauce

Danielle
    $1,000 14
(Alex: From Selma to Montgomery --you are correct.)

Alabama

James
    $800 9
Tara

Steve
    $800 27
(Alex: Yes, 8 times 8.)

64

Steve
    $800 19
gerrymander

Steve
    $800 24
pewter

James
    $1000 5
Johnny Bravo

Steve
    $1000 15
Illinois

Triple Stumper
    $1000 10
Tan

Danielle
    $1000 28
troy

Steve
    $1000 20
ballots

James
    $1000 25
van Gogh

Steve

Scores at the first commercial break (after clue 15):

Steve Danielle James
$2,400 $3,000 $2,000

Scores at the end of the Jeopardy! Round:

Steve Danielle James
$7,000 $3,800 $4,400

Double Jeopardy! Round responses

BOBBY
PETER
GRIEG
SIN "D"
JAN.
MARTIAN, MARTIAN, MARTIAN
    $400 10
guns

James
    $400 20
(Alex: As Lawrence of Arabia after he had taken Aqaba. Minute to go.)

Peter O'Toole

James
    $400 1
Oslo

Steve
    $400 3
(Danielle: What is AWOL?)
(Steve: What is divorce?)

desertion

SteveDanielle
Triple Stumper
    $400 15
Benedict Arnold

James
    $400 8
Santa

Danielle
    $800 11
Metropolitan

James
    $800 21
Peter Bogdanovich

James
    $800 2
Florence Henderson

James
    $800 4
demonize

James
    $800 16
William Rehnquist

James
    $800 9
(James: What are diatoms?)

bacteria

James
Triple Stumper
    $1200 12
Birmingham

Triple Stumper
    $1200 22
(Peter) Ustinov

Steve
    $1200 25
Oxford & Cambridge

James
    $2,000 5
(James: What is desecration?)

defamation

James
    $1200 17
Common Sense

Steve
    $1,000 13
(James: I don't know.)

the reason the bobbies uniforms are blue in color

James
    $1600 23
(Peter) Boyle

Steve
    $1600 6
demagogue

James
    $1600 18
(Émile) Zola

James
    $2000 14
suffragettes

Steve
    $2000 24
Peter Lorre

James
    $2000 26
(Danielle: Who is Bartók?)
(Steve: Who is Dvorak?)

Franz Liszt

SteveDanielle
Triple Stumper
    $2000 7
(James: What is deformity?)

depravity

James
Triple Stumper
    $2000 19
Czech Republic & Slovakia

Danielle

Scores at the end of the Double Jeopardy! Round:

Steve Danielle James
$11,000 $3,800 $10,200

[wagering suggestions for these scores]

Final Jeopardy! Round responses

THE ELEMENTS
DanielleWhat is neon sodium?
$400
JamesWhat is neon
$10,100
SteveWhat is tungsten
$9,401
phosphorus

Final scores:

Steve Danielle James
$1,599 $3,400 $100
2nd place: [trip unknown] New champion: $3,400 3rd place: [trip unknown]

Game dynamics:

Coryat scores:

Steve Danielle James
$11,000 $3,800 $13,000
18 R,
4 W
9 R,
2 W
19 R
(including 1 DD),
5 W
(including 2 DDs)

Combined Coryat: $27,800

[game clues] [game scores] [suggest correction]

Game tape date: 2001-10-30
The J! Archive is created by fans, for fans. Scraping, republication, monetization, and malicious use prohibited; this site may use cookies and collect identifying information. See terms. The Jeopardy! game show and all elements thereof, including but not limited to copyright and trademark thereto, are the property of Jeopardy Productions, Inc. and are protected under law. This website is not affiliated with, sponsored by, or operated by Jeopardy Productions, Inc. Join the discussion at JBoard.tv.